Sectarian violence : the Liverpool experience, 1819-1914 : an aspect of Anglo-Irish history /

Bibliographic Details
Main Author: Neal, Frank, 1932-
Format: Book
Language:English
Published: Manchester, U.K. : Manchester University Press ; [1988]
Subjects:

MARC

Tag First Indicator Second Indicator Subfields
LEADER 00000cam a2200000 a 4500
001 in00000025807
005 20151007054500.0
008 870915s1988 enk b 00110 eng
010 |a  87026030  
020 |a 0719014832 
035 |a (OCoLC)17108562 
035 |9 AAB5191AM 
040 |a DLC  |c DLC  |d TXA  |d UtOrBLW 
043 |a e-uk-en 
049 |a TXAM  |c [A11503775] 
050 0 0 |a DA690.L8  |b N43 1988 
082 0 |a 942.7/53081  |2 19 
100 1 |a Neal, Frank,  |d 1932- 
245 1 0 |a Sectarian violence :  |b the Liverpool experience, 1819-1914 : an aspect of Anglo-Irish history /  |c Frank Neal. 
264 1 |a Manchester, U.K. :  |b Manchester University Press ;  |c [1988] 
264 2 |a New York :  |b Distributed exclusively in the USA and Canada by St. Martin's Press, 
264 4 |c ©1988 
300 |a xi, 272 pages ;  |c 24 cm. 
336 |a text  |b txt  |2 rdacontent 
337 |a unmediated  |b n  |2 rdamedia 
338 |a volume  |b nc  |2 rdacarrier 
504 |a Includes bibliographies and index. 
651 0 |a Liverpool (England)  |x Ethnic relations. 
651 0 |a Liverpool (England)  |x Church history. 
651 0 |a Liverpool (England)  |x Social conditions. 
650 0 |a Irish  |z England  |z Liverpool (Merseyside)  |x History  |y 19th century. 
650 0 |a Violence  |z England  |z Liverpool (Merseyside)  |x History  |y 19th century. 
999 |a MARS 
999 f f |s ce3838a5-5d27-3149-8ff7-d2629a4912a9  |i 8ac9d6e2-0891-3f1c-85ea-804c788fa2df  |t 0 
952 f f |p normal  |a Texas A&M University  |b College Station  |c Sterling C. Evans Library  |d Evans: Library Stacks  |t 0  |e DA690.L8 N43 1988  |h Library of Congress classification  |i unmediated -- volume  |m A14811503775 
998 f f |a DA690.L8 N43 1988  |t 0  |l Evans: Library Stacks